|
|
|
|
| LEADER |
00000nam a22000007a 4500 |
| 005 |
20190521003019.0 |
| 007 |
cr|||| |||| |
| 008 |
190521s2015 co |||||s|||| 00||0 spa d |
| 020 |
|
|
|a 978-958-774-064-6
|
| 035 |
|
|
|a 23272
|
| 040 |
|
|
|a vLex
|
| 090 |
|
|
|c 8778
|d 8778
|
| 100 |
1 |
|
|a Urueą, Reň
|
| 245 |
1 |
0 |
|a Derecho internacional
|h [Recurso electrn̤ico] :
|b poder y lm̕ites del derecho en la sociedad global /
|c Ren ̌Urueą
|
| 256 |
|
|
|a Servicio en ln̕ea
|
| 260 |
|
|
|a Bogot:̀
|b Universidad de Los Andes (Colombia),
|c 2015
|
| 300 |
|
|
|a 1 recurso electrn̤ico
|
| 506 |
1 |
|
|a Disponible solo en los productos indicados
|d vLex Global
|d vLex Global (Academic Edition, excluding Law Schools)
|d vLex Global (U.S. Academic Edition, Law Schools)
|d vLex Global (U.S. Academic Edition, excluding Law Schools)
|d vLex Global (Academic Edition, Law Schools)
|
| 650 |
0 |
4 |
|a Derecho Internacional
|z Colombia
|
| 740 |
0 |
|
|a vLex Libros (Servicio en ln̕ea)
|
| 856 |
4 |
0 |
|u http://vlex.com/source/derecho-internacional-poder-limites-derecho-sociedad-global-23272
|z Acceso restringido
|
| 942 |
|
|
|c BOOK
|
| 999 |
0 |
|
|a International right
|